| 000 | 00532nam a22001577a 4500 | ||
|---|---|---|---|
| 003 | OSt | ||
| 005 | 20150906105400.0 | ||
| 008 | 150906b xxu||||| |||| 00| 0 eng d | ||
| 040 | _cRUA | ||
| 082 | _aAGR សៀ 1991 B004 Or.1 | ||
| 100 |
_988 _aសៀ ប៊ុនហុក |
||
| 245 | _aបច្ចេកទេសដាំម្រេចក្នុងលក្ខខ័ណ្ឌធាកាសធាតុប្រទេសកម្ពុជា | ||
| 260 |
_aPhnom Penh _bRUA _c1991 |
||
| 300 |
_a78p. _bill. _c29cm. |
||
| 942 |
_2ddc _cAGR |
||
| 999 |
_c84 _d84 |
||